[Event "Asia Cities-ch 18th"]
[Site "Tagaytay City"]
[Date "2013.10.26"]
[Round "9.4"]
[White "Wang, Chengjia"]
[Black "Abdulaziz, Abdulla"]
[Result "1-0"]
[WhiteElo "1934"]
[BlackElo "1626"]
[PlyCount "103"]
[EventDate "2013.10.20"]
[EventType "team-swiss"]
[EventRounds "9"]
[EventCountry "PHI"]
[SourceTitle "EXT 2014"]
[Source "ChessBase"]
[SourceDate "2013.11.20"]
[SourceVersion "1"]
[SourceVersionDate "2013.11.20"]
[SourceQuality "1"]
[WhiteTeam "Seoul"]
[BlackTeam "Dubai"]
[WhiteTeamCountry "KOR"]
[BlackTeamCountry "UAE"]

1. e4 e6 2. d4 d5 3. exd5 exd5 4. Bd3 Nc6 5. c3 Bd6 6. h3 Nge7 7. Qh5 g6 8. Qf3 Be6 9. Bg5 Qd7 10. Nd2 Bf5 11. Bb5 a6 12. Ba4 0-0-0 13. Ne2 Rde8 14. g4 Be6 15. Bf6 Rhg8 16. 0-0-0 Kb8 17. Kb1 Nc8 18. Nc1 Nb6 19. Bc2 Be7 20. Nd3 Bxf6 21. Qxf6 Qd6 22. Nc5 Nd7 23. Nxd7+ Qxd7 24. Rde1 Qd6 25. Nf3 Qe7 26. Qf4 Qd7 27. Ne5 Nxe5 28. dxe5 Qe7 29. Rd1 Qc5 30. Rhe1 Qa5 31. Bb3 Kc8 32. Qe3 c6 33. Qg3 Qc7 34. f4 h5 35. Qf3 hxg4 36. hxg4 Qd7 37. Rg1 Rh8 38. Bc2 Qe7 39. Rde1 f5 40. gxf5 Bxf5 41. Bxf5+ gxf5 42. Rg5 Reg8 43. Reg1 Rxg5 44. Rxg5 Rh2 45. Qg3 Rh8 46. Kc1 Qe6 47. Rg6 Rh1+ 48. Kd2 Rh2+ 49. Ke1 Rh1+ 50. Kf2 Rh2+ 51. Kg1 Rh3 52. Qg5 1-0

[Event "UAE President Cup"]
[Site "Abu Dhabi"]
[Date "2012.07.02"]
[Round "6"]
[White "Abdulla, Ali"]
[Black "Abdulaziz, Abdulla"]
[Result "1-0"]
[WhiteElo "1744"]
[BlackElo "1588"]
[PlyCount "60"]
[EventDate "2012.06.28"]
[EventType "swiss"]
[EventRounds "9"]
[EventCountry "UAE"]
[SourceTitle "CBM 149 Extra"]
[Source "ChessBase"]
[SourceDate "2012.08.24"]
[SourceVersion "1"]
[SourceVersionDate "2012.08.24"]
[SourceQuality "1"]

1. e4 e6 2. d4 d5 3. Nd2 dxe4 4. Nxe4 Nd7 5. g3 Ngf6 6. Nxf6+ Nxf6 7. Bg2 c5 8. Nf3 cxd4 9. Qxd4 Qxd4 10. Nxd4 Bc5 11. Nb3 Bb4+ 12. c3 Be7 13. Be3 0-0 14. 0-0 Nd5 15. Bc5 Bxc5 16. Nxc5 Rb8 17. Bxd5 exd5 18. Rad1 b6 19. Nd3 Be6 20. Nf4 Rbd8 21. Rfe1 Rd6 22. c4 d4 23. Nxe6 fxe6 24. Rd3 Re8 25. Re4 Red8 26. Kf1 Kf7 27. Ke2 Kf6 28. Rf3+ Ke7 29. Rd3 h6 30. h4 R6d7 1-0

[Event "UAE President Cup"]
[Site "Abu Dhabi"]
[Date "2012.07.01"]
[Round "5"]
[White "Abdulaziz, Abdulla"]
[Black "Abdulla, Abdulwahab"]
[Result "1/2-1/2"]
[WhiteElo "1588"]
[BlackElo "1789"]
[PlyCount "64"]
[EventDate "2012.06.28"]
[EventType "swiss"]
[EventRounds "9"]
[EventCountry "UAE"]
[SourceTitle "CBM 149 Extra"]
[Source "ChessBase"]
[SourceDate "2012.08.24"]
[SourceVersion "1"]
[SourceVersionDate "2012.08.24"]
[SourceQuality "1"]

1. d4 d6 2. c4 g6 3. Nc3 Bg7 4. e4 Nd7 5. Be3 e5 6. d5 Ne7 7. Qd2 0-0 8. f3 f5 9. 0-0-0 Nf6 10. Bd3 fxe4 11. Nxe4 Nxe4 12. Bxe4 Bf5 13. Bxf5 Nxf5 14. Bg5 Bf6 15. Bxf6 Qxf6 16. Ne2 Qh4 17. b3 Qh6 18. Qxh6 Nxh6 19. Ng3 Nf5 20. Nxf5 Rxf5 21. Rde1 Re8 22. Rhf1 Rf4 23. Re4 Rxe4 24. fxe4 Rf8 25. Rxf8+ Kxf8 26. Kd2 Kf7 27. Ke3 Kf6 28. Kf3 h6 29. h4 g5 30. hxg5+ hxg5 31. g4 b6 32. a4 a5 1/2-1/2